| 000 | 00803 a2200229 4500 | ||
|---|---|---|---|
| 001 | 53105 | ||
| 005 | 20260407155805.0 | ||
| 008 | 260407a1985 arg spa d | ||
| 003 | AR-UNSa-BCEJYS | ||
| 040 |
_aAR-UNSa-BCEJYS _bspa _cAR-UNSa-BCEJYS |
||
| 080 |
_a330.13 _xRentabilidad. Principio económico. Utilidad. Valor. Principio del valor |
||
| 245 | 1 | 0 | _aSraffa y sus usos |
| 020 | _a950-43-0654-3 | ||
| 264 | 1 |
_aBuenos Aires : _bEdiciones del IDES _c1985 |
|
| 300 |
_a102 p. _c17 cm. |
||
| 505 | _a1. El modelo - 2. El uso Clásico - 3. El uso Necoclásico - 4. El uso Marxista | ||
| 041 | _aspa | ||
| 942 | _cBK | ||
| 590 | _aniveau_biblio:m niveau_hierar:0 | ||
| 100 | 1 | _aMonza, Alfredo | |
| 856 | 4 | 1 |
_uhttps://biblioeco.unsa.edu.ar/pmb/images/libros/L128451.jpg _yImagen de portada _qimage/jpeg |
| 999 |
_c5088 _d5088 |
||